Forsaken - Through the Patches of Violet (Hacklord LMS) - Statistics

General Stats
  • This quiz has been taken 168 times
  • The average score is 65 of 85
Answer Stats
Answer % Correct
a
95%
and
93%
And
93%
we
93%
the
91%
the
91%
the
91%
the
91%
The
91%
go
90%
I
90%
I
90%
I
90%
Oh
90%
to
90%
you
90%
You
90%
You
90%
you
90%
reason
89%
reason
89%
Round
89%
round
89%
why
89%
why
89%
be
88%
be
88%
by
88%
by
88%
Holding
88%
on
88%
our
86%
our
86%
pain
85%
of
84%
of
84%
Driven
82%
egos
82%
must
81%
must
81%
must
81%
know
78%
know
78%
past
78%
your
77%
your
77%
your
77%
could
76%
Has
76%
untold
74%
Feelings
73%
never
73%
patches
72%
through
72%
up
72%
given
70%
have
70%
own
70%
vi-o-let
70%
That
68%
been
67%
been
67%
hope
67%
me
67%
me
67%
Versions
67%
smiles
66%
inside
64%
Spinning
64%
‘Cause
63%
all
61%
eyes
61%
has
60%
message
60%
side
60%
stolen
60%
lies
59%
tell
57%
already
56%
life
56%
these
56%
better
55%
Without
55%
Wishing
51%
said
45%
No matching quizzes found
Score Distribution
Percent of People with Each Score
Percentile by Number Answered
Your Score History
You have not taken this quiz